[Event "World Blitz 2015"]
[Site "Berlin GER"]
[Date "2015.10.13"]
[Round "9.83"]
[White "Pavlovic, Milos"]
[Black "Kulon, Klaudia"]
[Result "0-1"]
[WhiteTitle "GM"]
[BlackTitle "WGM"]
[WhiteElo "2481"]
[BlackElo "2324"]
[WhiteFideId "900389"]
[BlackFideId "1131044"]
[EventDate "2015.10.13"]

1. c4 c5 2. g3 g6 3. Bg2 Bg7 4. Nc3 Nc6 5. d3 Nf6 6. Nf3 O-O 7. O-O a6 8. Be3 d6
9. Qc1 Re8 10. Bh6 Bh8 11. h3 Rb8 12. Qg5 b5 13. Rab1 bxc4 14. Nd2 Na5 15. dxc4
Bf5 16. e4 Be6 17. b3 Nd7 18. Nd5 Ne5 19. f4 Bxd5 20. exd5 Bf6 21. fxe5 Bxg5 22.
Bxg5 dxe5 23. Ne4 Nb7 24. g4 Qa5 25. Rf2 f6 26. Be3 Rbc8 27. Rbf1 Nd8 28. d6 Kg7
29. d7 Ne6 30. dxc8=Q Rxc8 31. h4 Nd4 32. Bd2 Qc7 33. Nc3 Rd8 34. Nd5 Qd7 35.
Bh3 e4 36. Bc3 Qd6 37. Kg2 a5 38. g5 f5 39. Rd2 Qe5 40. Rfd1 Kg8 41. Bxd4 cxd4
42. Rxd4 Rb8 43. c5 e3 44. Nf4 e2 45. Rd8+ Rxd8 46. Rxd8+ Kf7 47. Nxe2 Qxe2+ 48.
Kh1 Qe4+ 49. Kh2 Qe5+ 50. Kh1 Qxc5 51. Bg2 Qc1+ 52. Kh2 Qc7+ 0-1

[Event "World Blitz 2015"]
[Site "Berlin GER"]
[Date "2015.10.13"]
[Round "9.84"]
[White "Berend, Elvira"]
[Black "Przybylski, Wojciech"]
[Result "1-0"]
[WhiteTitle "WGM"]
[BlackTitle "FM"]
[WhiteElo "2370"]
[BlackElo "2354"]
[WhiteFideId "4000510"]
[BlackFideId "1117599"]
[EventDate "2015.10.13"]

1. d4 d5 2. c4 c6 3. e3 Nf6 4. Nf3 e6 5. Bd3 Be7 6. O-O O-O 7. Nc3 Nbd7 8. b3 b6
9. Bb2 Bb7 10. Qe2 c5 11. Rfd1 Rc8 12. cxd5 exd5 13. dxc5 bxc5 14. Bf5 Qc7 15.
Rac1 Rcd8 16. Na4 Qb8 17. Bxf6 Nxf6 18. Nxc5 Ba8 19. Nd4 g6 20. Bd3 Qb6 21. Na4
Qd6 22. Qf3 Ne4 23. Bxe4 dxe4 24. Qg3 Qf6 25. Nc3 Bd6 26. Qh3 Ba3 27. Rc2 Bb4
28. Nce2 Bb7 29. Nf4 Bd6 30. Nfe2 Bc8 31. Qh6 Rfe8 32. Rdc1 Bf8 33. Qf4 Qa6 34.
a4 Bg7 35. Rc7 Qf6 36. Qxf6 Bxf6 37. Rxa7 Bg4 38. h3 Bxe2 39. Nxe2 Rd2 40. Ng3
Rb2 41. Rb7 Rd8 42. Nxe4 Be5 43. g4 h5 44. Rb5 Bg7 45. gxh5 gxh5 46. Rxh5 Rxb3
47. Kg2 Rb2 48. Kf3 Ra2 49. a5 Ra8 50. Rcc5 Kf8 51. Rb5 Ra4 52. Rhd5 Re8 53. Ng3
Rh4 54. Nf5 Rxh3+ 55. Kg2 Rh7 56. Nxg7 Rxg7+ 57. Kf3 Rg6 58. Rb6 Rg1 59. Rdb5
Ra1 60. a6 Kg7 61. Rc5 Ra8 62. Rg5+ Kf8 63. Rf5 R1xa6 64. Rb7 f6 65. Rh5 Kg8 66.
Rhh7 Re6 67. Rbg7+ Kf8 68. Rb7 Kg8 69. Rhg7+ Kh8 70. Rgf7 Rae8 71. Ra7 Kg8 72.
Rg7+ Kh8 73. Rh7+ Kg8 74. Rag7+ Kf8 75. Rg6 Rd6 76. Rh8+ Kf7 77. Rxe8 Kxe8 78.
Rh6 Kf7 79. Kf4 Rd5 80. e4 Ra5 81. f3 Rb5 82. Rh7+ Ke6 83. Ra7 Rh5 84. Ra6+ Kf7
85. Kg4 Rg5+ 86. Kf4 Rh5 87. Ke3 Rh3 88. Rb6 Rg3 89. Kf4 Rh3 90. Kg4 Rh1 91. f4
Rh2 92. Rb7+ Kg6 93. f5+ Kh6 94. Rf7 1-0

[Event "World Blitz 2015"]
[Site "Berlin GER"]
[Date "2015.10.13"]
[Round "9.85"]
[White "Van Foreest, Jorden"]
[Black "Polzin, Rainer"]
[Result "1-0"]
[WhiteTitle "IM"]
[BlackTitle "GM"]
[WhiteElo "2548"]
[BlackElo "2416"]
[WhiteFideId "1039784"]
[BlackFideId "4610741"]
[EventDate "2015.10.13"]

1. e4 g6 2. d4 Bg7 3. c3 d5 4. Nd2 dxe4 5. Nxe4 Nd7 6. Bc4 Nb6 7. Bb3 c6 8. Nf3
Nf6 9. Nxf6+ exf6 10. O-O O-O 11. h3 Re8 12. Bf4 Be6 13. a4 Bxb3 14. Qxb3 Qd7
15. Rfe1 Nd5 16. Bh2 Bf8 17. c4 Nb4 18. a5 c5 19. d5 Bd6 20. Bxd6 Qxd6 21. Qc3
h5 22. Nd2 f5 23. Nf3 Na6 24. Qb3 Nb4 25. Qc3 Na6 26. Ne5 Nb4 27. h4 Re7 28. Nf3
Rae8 29. Rad1 Rxe1+ 30. Rxe1 Rxe1+ 31. Qxe1 Nd3 32. Qe3 Nb4 33. Qe8+ Kg7 34. Ne5
Qf6 35. f4 Nc2 36. d6 Qxd6 37. Qxf7+ Kh6 38. Qg8 1-0

[Event "World Blitz 2015"]
[Site "Berlin GER"]
[Date "2015.10.13"]
[Round "9.86"]
[White "Thiede, Lars"]
[Black "Stefansson, Hannes"]
[Result "0-1"]
[WhiteTitle "IM"]
[BlackTitle "GM"]
[WhiteElo "2437"]
[BlackElo "2602"]
[WhiteFideId "4607759"]
[BlackFideId "2300087"]
[EventDate "2015.10.13"]

1. g3 e5 2. c4 Nf6 3. Bg2 c6 4. Nf3 e4 5. Nd4 Qb6 6. e3 Bc5 7. Nb3 Be7 8. Nc3 d5
9. cxd5 cxd5 10. O-O O-O 11. d3 Bg4 12. Qc2 exd3 13. Qxd3 Nc6 14. h3 Be6 15. Ne2
a5 16. Nbd4 Ne5 17. Qb1 Rac8 18. Bd2 Bd7 19. Nf4 Bc6 20. Nxc6 bxc6 21. Bc3 Ned7
22. b3 Ba3 23. Qe1 Bb4 24. Rc1 Ne4 25. Bxe4 dxe4 26. Bxb4 axb4 27. Rc4 Ne5 28.
Qxb4 Nxc4 29. Qxc4 Rfe8 30. Rd1 Qb5 31. Qc2 Qf5 32. g4 Qe5 33. Rd4 Rcd8 34. Rxd8
Rxd8 35. Qxc6 g6 36. Kg2 Qb2 37. Qxe4 Qxa2 38. b4 Qb2 39. Nd5 Kg7 40. g5 Rd6 41.
h4 Re6 42. Qf4 Qe5 43. Qxe5+ Rxe5 44. Nc3 h6 45. gxh6+ Kxh6 46. Kf3 Kg7 47. Kf4
Rh5 48. Kg3 Kf8 49. e4 Re5 50. f4 Re8 51. Kf3 Ke7 52. Nd5+ Kd6 53. b5 Rh8 54.
Kg4 Re8 55. Kf3 f5 56. Nf6 Rb8 57. e5+ Ke6 58. h5 gxh5 59. Nxh5 Kf7 60. Ng3 Kg6
61. Kg2 Rxb5 62. Kh3 Rb3 63. Kh4 Rf3 64. Nh5 Kh6 65. e6 Kg6 66. e7 Re3 67. Ng3
Rxe7 68. Kh3 Re3 69. Kg2 Ra3 70. Kf2 Kf6 71. Kg2 Ke6 72. Kf2 Ra8 73. Kf3 Rf8 74.
Nh5 Rh8 75. Ng7+ Kf6 0-1

[Event "World Blitz 2015"]
[Site "Berlin GER"]
[Date "2015.10.13"]
[Round "9.87"]
[White "Wendt, Jan-Dietrich"]
[Black "Fedorchuk, Sergey A."]
[Result "0-1"]
[WhiteTitle "FM"]
[BlackTitle "GM"]
[WhiteElo "2332"]
[BlackElo "2635"]
[WhiteFideId "4623797"]
[BlackFideId "14102536"]
[EventDate "2015.10.13"]

1. Nf3 Nf6 2. c4 b6 3. g3 c5 4. Bg2 Bb7 5. Nc3 g6 6. O-O Bg7 7. d4 cxd4 8. Qxd4
d6 9. Rd1 Nbd7 10. b3 a6 11. Bb2 O-O 12. Qd2 Rb8 13. Rac1 b5 14. cxb5 axb5 15.
Ne1 b4 16. Nd5 Bxd5 17. Bxd5 Nxd5 18. Bxg7 Kxg7 19. Qxd5 Nf6 20. Qd4 Qa5 21. Rd2
Rfc8 22. Rdc2 Rxc2 23. Rxc2 Qa6 24. Nd3 e5 25. Qc4 Qb6 26. Qc7 Nd5 27. Qxb6 Rxb6
28. e4 Nc3 29. Nxb4 Nxe4 30. Nd5 Rb5 31. Nc7 Rb8 32. f3 Ng5 33. Kf2 Rb7 34. Nd5
Ne6 35. Rc6 Ra7 36. a4 Nd4 37. Rb6 Ra5 38. Ne3 Rc5 39. Nc4 Nxb3 40. Nxd6 Nd4 41.
Nb5 Rc2+ 42. Ke3 Nf5+ 43. Kd3 Rxh2 44. a5 Ra2 45. a6 h5 46. g4 Nd4 47. Kc4 Nxb5
48. Kxb5 h4 49. Rb7 h3 50. Rd7 Kf6 51. Kb6 h2 52. Rd1 Kg5 53. a7 Kf4 54. Kb7 Kg3
55. a8=Q 0-1

[Event "World Blitz 2015"]
[Site "Berlin GER"]
[Date "2015.10.13"]
[Round "9.88"]
[White "Olafsson, Helgi"]
[Black "Sawlin, Leonid"]
[Result "1-0"]
[WhiteTitle "GM"]
[WhiteElo "2549"]
[BlackElo "2258"]
[WhiteFideId "2300010"]
[BlackFideId "4689542"]
[EventDate "2015.10.13"]

1. d4 e6 2. Nf3 Nf6 3. c4 d5 4. Nc3 Be7 5. Bg5 a6 6. cxd5 exd5 7. e3 Bf5 8. Qb3
Be6 9. Bxf6 Bxf6 10. Qxb7 Nd7 11. Nxd5 Rb8 12. Qc6 O-O 13. Bc4 Rxb2 14. Nxf6+
Nxf6 15. Bxe6 Rb6 16. Bxf7+ Rxf7 17. Qc4 Qd6 18. Ne5 Nd5 19. Nxf7 Kxf7 20. O-O
Kf8 21. Rfc1 c6 22. Qc5 Ke7 23. Rab1 Qxc5 24. dxc5 Rb5 25. a4 Rxb1 26. Rxb1 Nc3
27. Rb4 Ke6 28. Rg4 g6 29. Kf1 Kd5 30. Rh4 h5 31. g4 Kxc5 32. gxh5 gxh5 33.
Rxh5+ Kb4 34. Rh4+ Kb3 35. Rh6 Nxa4 36. Rxc6 a5 37. h4 Nc3 38. h5 a4 39. h6 1-0

[Event "World Blitz 2015"]
[Site "Berlin GER"]
[Date "2015.10.13"]
[Round "9.89"]
[White "Richter, Michael"]
[Black "Koehler, Gerhard2"]
[Result "1-0"]
[WhiteTitle "GM"]
[WhiteElo "2517"]
[BlackElo "2173"]
[WhiteFideId "4618920"]
[BlackFideId "12909700"]
[EventDate "2015.10.13"]

1. d4 Nf6 2. c4 g6 3. Nc3 Bg7 4. e4 d6 5. f3 O-O 6. Be3 c5 7. dxc5 dxc5 8. Qxd8
Rxd8 9. Bxc5 Nc6 10. Nge2 a5 11. Rd1 Be6 12. Nf4 Nb4 13. Nxe6 fxe6 14. Be2 Kf7
15. Kf2 Nd7 16. Be3 Nc2 17. f4 Nxe3 18. Kxe3 Bxc3 19. bxc3 Nc5 20. Rb1 Na4 21.
Rhc1 Nc5 22. h4 h6 23. h5 1-0

[Event "World Blitz 2015"]
[Site "Berlin GER"]
[Date "2015.10.13"]
[Round "9.90"]
[White "Cordeiro, Marco Aurelio Zaror"]
[Black "Valdes Romero, Leonardo"]
[Result "0-1"]
[BlackTitle "IM"]
[WhiteElo "2228"]
[BlackElo "2362"]
[WhiteFideId "2117991"]
[BlackFideId "6500331"]
[EventDate "2015.10.13"]

1. e4 d6 2. d4 Nf6 3. f3 g6 4. g4 Bg7 5. h4 h5 6. g5 Nfd7 7. Nc3 c6 8. Be3 b5 9.
Nge2 Bb7 10. Bg2 b4 11. Nb1 c5 12. c3 bxc3 13. bxc3 Nc6 14. Nd2 O-O 15. O-O cxd4
16. cxd4 Ba6 17. Nb3 Nb6 18. Rc1 Rc8 19. Re1 Nc4 20. Bf2 Nb2 21. Qd2 Nd3 22. d5
Nxc1 23. Rxc1 Ne5 24. Bxa7 Bxe2 25. Qxe2 Rxc1+ 26. Nxc1 Qc7 27. Be3 Rc8 28. Nb3
Qc2 29. Qa6 Rb8 30. Qa7 Rc8 31. Qxe7 Qe2 32. Bf2 Rc2 33. Qa7 0-1

[Event "World Blitz 2015"]
[Site "Berlin GER"]
[Date "2015.10.13"]
[Round "9.91"]
[White "Choukri, Adel"]
[Black "Camacho Collados, Jose"]
[Result "1-0"]
[WhiteTitle "CM"]
[BlackTitle "IM"]
[WhiteElo "2199"]
[BlackElo "2383"]
[WhiteFideId "9000399"]
[BlackFideId "2265427"]
[EventDate "2015.10.13"]

1. e4 c5 2. Nf3 Nc6 3. d4 cxd4 4. Nxd4 Nf6 5. Nc3 e6 6. Nxc6 bxc6 7. Bd3 d5 8.
O-O Be7 9. Qf3 Nd7 10. Qg3 O-O 11. e5 f5 12. f4 c5 13. b3 a5 14. Kh1 Ba6 15. a4
c4 16. bxc4 dxc4 17. Be2 Nc5 18. Rd1 Qe8 19. Be3 Rd8 20. Qf2 Qc6 21. Bf3 Ne4 22.
Nxe4 fxe4 23. Bg4 c3 24. Bd4 Bg5 25. Qe3 Bxf4 26. Qxc3 Qe8 27. Qb3 Bc8 28. Bc5
Rxd1+ 29. Rxd1 Rf7 30. Bb6 Bd7 31. Rxd7 Qxd7 32. Qxe6 Bxe5 33. Qxd7 Rxd7 34.
Bxd7 Bc3 35. Bc6 Kf7 36. Bxe4 g6 37. g3 Ke6 38. Kg2 Ke5 39. Bd3 Kd5 40. Kf3 Kc6
41. Bf2 Kd5 42. h4 Be5 43. Be1 Bc7 44. g4 Kd4 45. h5 gxh5 46. gxh5 h6 47. Bd2
Be5 48. Bxh6 Kc3 49. Ke4 Bh8 50. Kf5 Kb4 51. Kg6 Bd4 52. Bb5 Kc3 53. Bg7 1-0

[Event "World Blitz 2015"]
[Site "Berlin GER"]
[Date "2015.10.13"]
[Round "9.92"]
[White "Thornton, Giovanni Antonio"]
[Black "Hilverda, Alexander"]
[Result "1-0"]
[WhiteElo "2207"]
[BlackElo "2384"]
[WhiteFideId "4300963"]
[BlackFideId "4695437"]
[EventDate "2015.10.13"]

1. e4 c5 2. c3 Nf6 3. e5 Nd5 4. d4 cxd4 5. Nf3 Nc6 6. Bc4 Nb6 7. Bb3 g6 8. O-O
Bg7 9. cxd4 O-O 10. Nc3 d6 11. exd6 Qxd6 12. Nb5 Qd8 13. Bf4 Bg4 14. h3 Bxf3 15.
Qxf3 Nxd4 16. Nxd4 Qxd4 17. Rad1 Qxb2 18. Qxb7 Qf6 19. Bg3 e6 20. Bd6 Rfe8 21.
a4 Qc3 22. Rb1 Rad8 23. Rfc1 Qd4 24. Bc5 Qf4 25. Be3 Qf5 26. Qxa7 Nd5 27. Bc5
Nf4 28. Bd1 Qg5 29. Bf3 Nxh3+ 30. Kf1 Nf4 31. Be3 Qf5 32. Qc5 Nd3 33. Qxf5 gxf5
34. Rd1 Ne5 35. Be2 Ng4 36. a5 Nxe3+ 37. fxe3 Ra8 38. a6 Be5 39. Rb6 Rec8 40.
Rdb1 Kg7 41. Kf2 Bc7 42. Rb7 Bb8 43. Bd3 Ba7 44. Be2 Bc5 45. R1b3 f4 46. Bh5
Bxe3+ 47. Kf3 Ra7 48. Rxa7 Bxa7 49. Bxf7 Kxf7 50. Rb7+ Kf6 51. Rxa7 e5 52. Rxh7
Rc3+ 53. Ke4 Re3+ 54. Kd5 Rd3+ 55. Ke4 Rd4+ 56. Kf3 Rd3+ 57. Ke4 Rd4+ 58. Kf3
Ra4 59. a7 Kf5 60. g4+ Kg5 61. Rg7+ Kf6 62. Rb7 Ra3+ 63. Ke2 Kg5 64. Rg7+ Kh4
65. g5 Kg3 66. g6 f3+ 67. Kd2 f2 68. Rf7 Ra2+ 69. Kc3 Rxa7 70. g7 Ra8 71. Rf8
Rxf8 72. gxf8=Q Kg2 73. Qg7+ Kh1 74. Qh6+ Kg1 75. Qg5+ Kh1 76. Qh4+ Kg1 77. Qg4+
Kh1 78. Qh3+ Kg1 79. Qg3+ Kf1 80. Kd2 1-0

[Event "World Blitz 2015"]
[Site "Berlin GER"]
[Date "2015.10.13"]
[Round "9.93"]
[White "Lagunow, Raphael"]
[Black "Hovhannisyan, Mher"]
[Result "0-1"]
[BlackTitle "IM"]
[WhiteElo "2164"]
[BlackElo "2499"]
[WhiteFideId "24652644"]
[BlackFideId "13300865"]
[EventDate "2015.10.13"]

1. Nf3 d5 2. g3 Nf6 3. Bg2 e6 4. d4 Be7 5. c4 O-O 6. O-O c6 7. Nbd2 b5 8. b3
Nbd7 9. Qc2 a5 10. e4 a4 11. Bb2 a3 12. Bc1 bxc4 13. bxc4 Ba6 14. e5 Ne8 15. Rd1
dxc4 16. Nxc4 Bb5 17. Qc3 Nc7 18. Bxa3 Nd5 19. Bxe7 Nxc3 20. Bxd8 Nxd1 21. Be7
Rfe8 22. Bd6 Bxc4 23. Rxd1 Rxa2 24. Ng5 Bd5 25. Rc1 h6 26. Ne4 Rea8 27. h4 Ra1
28. Rxa1 Rxa1+ 29. Kh2 Re1 30. Nc3 Bxg2 31. Kxg2 Rc1 32. Ne2 Rc2 33. Kf3 Nb6 34.
Nf4 Nd5 35. Bc5 Nxf4 36. gxf4 h5 37. Kg3 Kh7 38. Kf3 Kg6 39. Bf8 Kf5 40. Bxg7
Rc3+ 41. Kg2 Kxf4 42. Bf6 Rd3 43. Bg5+ Kg4 44. Be3 Kxh4 45. Kf3 Ra3 46. Kf4 Ra1
47. f3 Ra8 48. Bf2+ Kh3 49. Kg5 Rh8 50. Kf6 Rh7 51. f4 Kg4 52. f5 exf5 53. e6
fxe6 54. Kxe6 h4 55. Kd6 h3 56. Bg1 Rh6+ 57. Kc5 f4 58. d5 cxd5 59. Kxd5 Kg3 60.
Ke4 f3 61. Ke3 Re6+ 62. Kd2 Kg2 0-1

[Event "World Blitz 2015"]
[Site "Berlin GER"]
[Date "2015.10.13"]
[Round "9.94"]
[White "Carstensen, Jacob"]
[Black "Zepeda, Lorena"]
[Result "1-0"]
[WhiteTitle "IM"]
[BlackTitle "WIM"]
[WhiteElo "2352"]
[BlackElo "2106"]
[WhiteFideId "1404180"]
[BlackFideId "6700233"]
[EventDate "2015.10.13"]

1. d4 Nf6 2. c4 g6 3. Nc3 Bg7 4. e4 d6 5. Nf3 O-O 6. Be2 e5 7. Be3 Ng4 8. Bg5 f6
9. Bd2 exd4 10. Nxd4 Ne5 11. O-O Nbc6 12. Be3 Nxd4 13. Bxd4 Be6 14. b3 Nc6 15.
Be3 f5 16. exf5 Bxf5 17. Rc1 Ne5 18. Nd5 Kh8 19. h3 Qd7 20. f4 Nc6 21. Qd2 a5
22. Bf3 a4 23. b4 Rfe8 24. b5 Na5 25. Rfe1 b6 26. Nb4 Rad8 27. Nc6 Nxc6 28. Bxc6
Qf7 29. Bxe8 Rxe8 30. Bd4 Be6 31. Bxg7+ Kxg7 32. Qd4+ Kg8 33. Re3 Bf5 34. Rce1
Rxe3 35. Rxe3 Bb1 36. Ra3 Qe7 37. Rxa4 Be4 38. Ra3 Bb7 39. Re3 Qf7 40. Kh2 h5
41. Rg3 Qf5 42. Rg5 Qc2 43. f5 1-0

[Event "World Blitz 2015"]
[Site "Berlin GER"]
[Date "2015.10.13"]
[Round "10.3"]
[White "Onischuk, Vladimir"]
[Black "Petrosian, Tigran L."]
[Result "1/2-1/2"]
[WhiteTitle "GM"]
[BlackTitle "GM"]
[WhiteElo "2612"]
[BlackElo "2625"]
[WhiteFideId "14114038"]
[BlackFideId "13301616"]
[EventDate "2015.10.13"]

1. e4 d6 2. d4 g6 3. Nc3 Bg7 4. Be3 a6 5. a4 Nf6 6. Qd2 O-O 7. Nf3 b6 8. h3 Bb7
9. Bd3 Nbd7 10. O-O e5 11. dxe5 dxe5 12. Rfd1 Qe7 13. Bg5 Nc5 14. Re1 Rad8 15.
Qe2 h6 16. Bh4 g5 17. Bg3 Nh5 18. Bc4 Nf4 19. Bxf4 exf4 20. e5 a5 21. Nb5 Ne6
22. c3 Rfe8 23. Nbd4 Nxd4 24. Nxd4 Bxe5 25. Ne6 fxe6 26. Qxe5 Bd5 27. Bb5 c6 28.
Bf1 Bb3 29. Qe4 Bd5 30. Qe5 Bb3 31. Qe4 Bd5 32. Qe5 Bb3 33. Qe4 1/2-1/2

[Event "World Blitz 2015"]
[Site "Berlin GER"]
[Date "2015.10.13"]
[Round "10.5"]
[White "Bocharov, Dmitry"]
[Black "Karjakin, Sergey"]
[Result "0-1"]
[WhiteTitle "GM"]
[BlackTitle "GM"]
[WhiteElo "2560"]
[BlackElo "2762"]
[WhiteFideId "4138716"]
[BlackFideId "14109603"]
[EventDate "2015.10.13"]

1. Nf3 Nf6 2. g3 c5 3. Bg2 Nc6 4. O-O e5 5. c4 d5 6. cxd5 Nxd5 7. Nc3 Be6 8. d3
Be7 9. Nd2 O-O 10. Nc4 Qd7 11. Be3 Rfd8 12. Rc1 Rac8 13. a4 Ndb4 14. f4 exf4 15.
gxf4 f6 16. Kh1 b6 17. Rg1 f5 18. Qf1 Bf6 19. a5 Nxa5 20. Nxa5 bxa5 21. Qf2 Bd4
22. Bf3 Re8 23. Rg3 Bxe3 24. Qxe3 Qd4 25. Qd2 c4 26. Rcg1 Re7 27. e3 Qxd3 28.
Qg2 Qd7 29. e4 Kh8 30. exf5 Bxf5 31. Ne4 Nd3 32. Nf6 Qc7 33. Nd5 Qc5 34. h4 g6
35. Nxe7 Qxe7 36. Rg5 Nxf4 37. Qd2 Nd3 38. Qxa5 Be4 39. Qc3+ Kg8 40. R5g3 Qxh4+
41. Kg2 Bxf3+ 42. Rxf3 Qg4+ 43. Rg3 Nf4+ 44. Kh2 Qh4+ 0-1

[Event "World Blitz 2015"]
[Site "Berlin GER"]
[Date "2015.10.13"]
[Round "10.6"]
[White "Leko, Peter"]
[Black "Kasimdzhanov, Rustam"]
[Result "1/2-1/2"]
[WhiteTitle "GM"]
[BlackTitle "GM"]
[WhiteElo "2707"]
[BlackElo "2704"]
[WhiteFideId "703303"]
[BlackFideId "14200244"]
[EventDate "2015.10.13"]

1. e4 d5 2. exd5 Nf6 3. d4 Bg4 4. Be2 Bxe2 5. Qxe2 Qxd5 6. Nf3 c6 7. O-O e6 8.
c4 Qd8 9. Nc3 Be7 10. Bf4 O-O 11. Rfd1 Re8 12. Ne5 Nbd7 13. Rd3 Nf8 14. Rad1 Qa5
15. a3 Rad8 16. h3 Ng6 17. Bg3 Qa6 18. R3d2 Qa5 19. Rd3 Qa6 20. h4 h6 21. Nxg6
fxg6 22. Re3 Bd6 23. Qd3 Kf7 24. Rf3 c5 25. d5 exd5 26. Nxd5 Bxg3 27. fxg3 Rd6
28. Rdf1 h5 29. Qc2 Qc6 30. Qc3 a6 31. Rf4 Ree6 32. Qc2 b5 33. b3 Re8 34. g4
hxg4 35. Rxg4 Kg8 36. Nxf6+ Rxf6 37. Rxf6 Qxf6 38. Qxg6 Re1+ 39. Kh2 Qxg6 40.
Rxg6 bxc4 41. bxc4 Rc1 42. Rxa6 Rxc4 43. g3 Rc1 44. Kh3 c4 45. Kg4 c3 46. Rc6 c2
47. h5 Ra1 48. Rxc2 Rxa3 49. Rc5 Kh7 50. Kh4 Ra4+ 51. g4 Rd4 52. Kg5 Rd1 53. Rf5
Ra1 54. Rf8 Ra5+ 55. Kh4 Ra4 1/2-1/2

[Event "World Blitz 2015"]
[Site "Berlin GER"]
[Date "2015.10.13"]
[Round "10.7"]
[White "Vovk, Yuri"]
[Black "Svidler, Peter"]
[Result "1/2-1/2"]
[WhiteTitle "GM"]
[BlackTitle "GM"]
[WhiteElo "2617"]
[BlackElo "2727"]
[WhiteFideId "14113171"]
[BlackFideId "4102142"]
[EventDate "2015.10.13"]

1. d4 Nf6 2. c4 g6 3. Nc3 d5 4. cxd5 Nxd5 5. e4 Nxc3 6. bxc3 Bg7 7. Nf3 c5 8.
Be3 Bg4 9. Qa4+ Nc6 10. Rc1 Qa5 11. Bb5 Qxa4 12. Bxa4 Bd7 13. O-O Na5 14. Bxd7+
Kxd7 15. Rfd1 Rhc8 16. dxc5+ Ke8 17. Bd4 f6 18. Rb1 Rc7 19. Rb5 Nc6 20. Rdb1 Rb8
21. Be3 Bf8 22. Nd4 Nd8 23. Ra5 e5 24. Nb5 Rcc8 25. Nxa7 Ra8 26. g3 Rc7 27. c4
Ne6 28. c6 bxc6 29. Nxc6 Rac8 30. Na7 Ra8 31. Ra6 Kf7 32. Rbb6 Rcxa7 33. Rxa7+
Rxa7 34. Rxe6 Rxa2 35. Rc6 h5 36. Kg2 f5 37. exf5 gxf5 38. Bg5 Bg7 39. Rc7+ Kg6
40. c5 Kxg5 41. Rxg7+ Kf6 42. Rc7 e4 43. Kf1 Rc2 44. c6 Kg6 45. Rc8 Kg7 46. Ke1
h4 47. Kd1 Rc4 48. Ke2 hxg3 49. hxg3 Rc3 50. Kd2 Rc5 51. Ke3 Rc2 52. Rc7+ Kg6
53. Rc8 Kg7 54. Rc7+ Kg6 55. Rc8 Kg7 56. g4 fxg4 57. Kxe4 Rxf2 58. Rc7+ Kg6 59.
Rc8 Rc2 60. Kf4 Kf7 61. Kxg4 Ke6 62. Kg5 Kd6 63. Kf5 Rxc6 64. Rxc6+ Kxc6 1/2-1/2

[Event "World Blitz 2015"]
[Site "Berlin GER"]
[Date "2015.10.13"]
[Round "10.9"]
[White "Vallejo Pons, Francisco"]
[Black "Ghaem Maghami, Ehsan"]
[Result "1/2-1/2"]
[WhiteTitle "GM"]
[BlackTitle "GM"]
[WhiteElo "2684"]
[BlackElo "2596"]
[WhiteFideId "2205530"]
[BlackFideId "12500739"]
[EventDate "2015.10.13"]

1. e4 e5 2. Nf3 Nc6 3. Nc3 Nf6 4. Bb5 Bc5 5. d3 O-O 6. O-O Re8 7. Bg5 h6 8. Bh4
g5 9. Nxg5 hxg5 10. Bxg5 Nd4 11. Nd5 Be7 12. Nxe7+ Qxe7 13. f4 Ne6 14. fxe5 Qc5+
15. d4 Qxd4+ 16. Qxd4 Nxd4 17. Bxf6 Nxb5 18. Rf5 Re6 19. Rg5+ Kh7 20. Rf1 d6 21.
Rh5+ Kg6 22. Rff5 Rxe5 23. Rhg5+ Kh6 24. Rh5+ Kg6 25. Rhg5+ Kh6 26. Rh5+ Kg6 27.
Rhg5+ Kh6 1/2-1/2

[Event "World Blitz 2015"]
[Site "Berlin GER"]
[Date "2015.10.13"]
[Round "10.15"]
[White "Fridman, Daniel"]
[Black "Korobov, Anton"]
[Result "1/2-1/2"]
[WhiteTitle "GM"]
[BlackTitle "GM"]
[WhiteElo "2649"]
[BlackElo "2700"]
[WhiteFideId "11600454"]
[BlackFideId "14105730"]
[EventDate "2015.10.13"]

1. d4 Nf6 2. c4 g6 3. Nf3 Bg7 4. g3 O-O 5. Bg2 Nc6 6. O-O a6 7. Nc3 Rb8 8. c5 d6
9. Bf4 Nh5 10. Be3 d5 11. Qd2 e6 12. Rfd1 f5 13. Bh6 Qf6 14. Rab1 Bxh6 15. Qxh6
Qg7 16. Qxg7+ Kxg7 17. b4 Nf6 18. a4 b5 19. cxb6 cxb6 20. Ne5 Bd7 21. Nxc6 Bxc6
22. Rdc1 Rfc8 23. e3 a5 24. Bf1 axb4 25. Rxb4 Bd7 26. Na2 Rxc1 27. Nxc1 Ra8 28.
Rxb6 Rxa4 29. Nd3 Ra7 30. Nc5 Kf7 31. Bb5 Bxb5 32. Rxb5 Ne4 33. Nd3 g5 34. Rb2
g4 35. Kg2 Kf6 36. h3 h5 37. Nf4 gxh3+ 38. Kxh3 Rh7 39. Kh4 Ng5 40. Rb8 Nf3+ 41.
Kh3 h4 42. Kg2 Ng5 43. gxh4 Rxh4 44. Rf8+ Kg7 45. Re8 Kf7 46. Ra8 Rh7 47. Ra7+
Kf6 48. Ra6 Rd7 49. Rb6 Kf7 50. f3 Rc7 51. Kg3 Rc3 52. Rb7+ Kf6 53. Rb6 Kf7 54.
Rb7+ Kf6 55. Rb6 1/2-1/2

[Event "World Blitz 2015"]
[Site "Berlin GER"]
[Date "2015.10.13"]
[Round "10.16"]
[White "Bruzon Batista, Lazaro"]
[Black "Eljanov, Pavel"]
[Result "1/2-1/2"]
[WhiteTitle "GM"]
[BlackTitle "GM"]
[WhiteElo "2659"]
[BlackElo "2717"]
[WhiteFideId "3503739"]
[BlackFideId "14102951"]
[EventDate "2015.10.13"]

1. d4 Nf6 2. Nf3 e6 3. c4 b6 4. e3 Bb7 5. Bd3 c5 6. O-O Be7 7. Nc3 cxd4 8. exd4
d5 9. cxd5 Nxd5 10. Ne5 O-O 11. Qg4 f5 12. Qe2 Bf6 13. Bc4 Kh8 14. Bd2 Nxc3 15.
bxc3 Bd5 16. Bb3 Bxe5 17. Qxe5 Nc6 18. Qe2 Rc8 19. Rac1 Qd7 20. Rfe1 Rfe8 21.
Bf4 Bxb3 22. axb3 h6 23. h3 1/2-1/2

[Event "World Blitz 2015"]
[Site "Berlin GER"]
[Date "2015.10.13"]
[Round "10.18"]
[White "Zvjaginsev, Vadim"]
[Black "Bogdanovich, Stanislav"]
[Result "1-0"]
[WhiteTitle "GM"]
[BlackTitle "IM"]
[WhiteElo "2660"]
[BlackElo "2590"]
[WhiteFideId "4113403"]
[BlackFideId "14115298"]
[EventDate "2015.10.13"]

1. e4 e5 2. Nf3 Nc6 3. g3 Nf6 4. d3 d5 5. exd5 Nxd5 6. Bg2 g6 7. O-O Bg7 8. Nc3
Nb6 9. a4 a5 10. Bg5 f6 11. Be3 O-O 12. d4 exd4 13. Nxd4 Nb4 14. Ndb5 Qe7 15.
Re1 Qf7 16. Bxb6 cxb6 17. Nd5 Kh8 18. Re7 Qg8 19. Nxb4 Rd8 20. Nd5 Bf8 21. Re1
Be6 22. c4 Bf7 23. Qd4 Bg7 24. Qxb6 Qf8 25. Rad1 f5 26. c5 Rac8 27. Nd6 Rc6 28.
Qxd8 1-0

[Event "World Blitz 2015"]
[Site "Berlin GER"]
[Date "2015.10.13"]
[Round "10.19"]
[White "Anand, Viswanathan"]
[Black "Riazantsev, Alexander"]
[Result "1-0"]
[WhiteTitle "GM"]
[BlackTitle "GM"]
[WhiteElo "2803"]
[BlackElo "2646"]
[WhiteFideId "5000017"]
[BlackFideId "4125029"]
[EventDate "2015.10.13"]

1. e4 c6 2. d4 d5 3. e5 Bf5 4. Nf3 e6 5. Be2 Bg6 6. O-O Ne7 7. Nbd2 c5 8. dxc5
Nec6 9. c3 Bxc5 10. b4 Be7 11. Nb3 Nd7 12. Bf4 O-O 13. Re1 a6 14. Bg3 Rc8 15. a4
Nb6 16. Nfd4 Nxd4 17. Qxd4 Nc4 18. a5 Qc7 19. Rac1 Qc6 20. Qg4 Bf5 21. Qf4 Bg6
22. Nd4 Qc7 23. h4 h6 24. Bf1 Bh7 25. Qg4 Kh8 26. Bf4 Nb2 27. Re3 Rg8 28. Rce1
b6 29. Bxa6 Ra8 30. axb6 Qxb6 31. Bf1 Bxb4 32. Nxe6 fxe6 33. cxb4 Qxb4 34. Qg3
Nc4 35. Bxc4 dxc4 36. Rc1 Rgf8 37. Rec3 Bd3 38. Be3 Rf7 39. Qg4 Qb7 40. Qxe6
Raf8 41. Bc5 Rc8 42. Be3 Rcf8 43. Ra3 Qb2 44. Rca1 Rb7 45. Ra8 Rbb8 46. R8a2 Qb7
47. Ra7 Qb2 48. Qe7 Rg8 49. Bxh6 Qxa1+ 50. Rxa1 gxh6 51. Qf6+ Rg7 52. Qxh6+ Kg8
53. Qe6+ Kh7 54. h5 Rbg8 55. g3 Rf8 56. h6 Rg6 57. Ra7+ Kh8 58. Qe7 Rgg8 59. e6
Rf3 60. Qd6 1-0